| 000 | 00779nam a2200217 a 4500 | ||
|---|---|---|---|
| 001 | BRCA_1135 | ||
| 005 | 20190320203309.0 | ||
| 008 | 920825s1989 sp-a---##b---#000-0#spa-# | ||
| 040 |
_aDLC _cDLC |
||
| 050 | 4 |
_aN6553 _b.M49 1989 |
|
| 245 | 1 | 0 | _aMéxico colonial. |
| 260 |
_aEspaña _bCaja de Ahorros del Mediterraneo _c1989 |
||
| 300 |
_a155 p. _bil. (algunas a color) _c28 cm. |
||
| 500 | _aCatálogo de la exposición realizada en Alicante, marzo - abril, 1989 y en Murcia, mayo - junio, 1989 | ||
| 504 | _aBibliografía : p. 155 | ||
| 610 | 2 | 4 |
_aMuseo de América (Madrid, España) _vExposiciones _93738 |
| 650 | 1 | 4 |
_aArte mexicano _vExposiciones _93739 |
| 650 | 1 | 4 |
_aArte colonial _vExposiciones _zMéxico _93637 |
| 650 | 1 | 4 |
_aArte _vExposiciones _zEspaña _92034 |
| 942 |
_2lcc _cB |
||
| 999 |
_c1013 _d1013 |
||